Statistics for Record transfers: Paris Saint-Germain FC

Click here to take the quiz!

General Stats

  • This quiz has been taken 67 times
    (24 since last reset)
  • The average score is 12 of 20

Answer Stats

# Fee Season Position Left Player % Correct
1222 Mill. €17/18Left WingerFC BarcelonaNeymar
100%
2145 Mill. €18/19Right WingerAS Monaco FCKylian Mbappé
95%
364,5 Mill. €13/14Centre-ForwardSSC NapoliEdinson Cavani
95%
642 Mill. €12/13Centre-BackAC MilanThiago Silva
95%
549,5 Mill. €14/15Centre-BackChelsea FCDavid Luiz
89%
463 Mill. €15/16Right WingerManchester United FCÁngel Di María
84%
840 Mill. €12/13Right WingerSão Paulo FCLucas Moura
79%
742 Mill. €11/12Attacking MidfieldUS Città di PalermoJavier Pastore
68%
1630 Mill. €19/20Defensive MidfieldEverton FCIdrissa Gueye
63%
1136 Mill. €16/17Central MidfieldVfL WolfsburgJulian Draxler
63%
1037 Mill. €18/19Centre-BackFC Schalke 04Thilo Kehrer
58%
1332 Mill. €19/20Centre-BackBorussia DortmundAbdou Diallo
58%
1431,4 Mill. €13/14Centre-BackAS RomaMarquinhos
58%
940 Mill. €18/19Defensive MidfieldZenit St. PetersburgLeandro Paredes
53%
1530 Mill. €12/13Second StrikerSSC NapoliEzequiel Lavezzi
42%
1925 Mill. €13/14Central MidfieldNewcastle United FCYohan Cabaye
42%
1234,5 Mill. €00/01Centre-ForwardReal Madrid CFNicolas Anelka
32%
2025 Mill. €16/17Left WingerReal Madrid CFJesé
32%
1730 Mill. €16/17Left WingerSL BenficaGonçalo Guedes
21%
1827,5 Mill. €16/17Defensive MidfieldSevilla FCGrzegorz Krychowiak
11%

Score Distribution

Percentile by Number Answered

Percent of People with Each Score

Your Score History

You have not taken this quiz since the last reset